|
|
|
|
| LEADER |
00673nam a22001931 4500 |
| 001 |
c000194461 |
| 003 |
CARM |
| 005 |
20021125001700.0 |
| 008 |
851003s1970 fr 0 fre d |
| 019 |
1 |
|
|a 3963374
|5 LACONCORD2021
|
| 035 |
|
|
|a (OCoLC)216894292
|5 LACONCORD2021
|
| 100 |
1 |
|
|a Beauvoir, Simone de,
|d 1908-1986.
|
| 245 |
1 |
3 |
|a La Vieillesse :
|b essai.
|
| 260 |
|
|
|a Paris :
|b Gallimard,
|c 1970.
|
| 650 |
|
0 |
|a Old age.
|
| 852 |
8 |
|
|b CARM
|h A2:AO32A0
|i B06487
|p 0300126
|f BK
|
| 082 |
0 |
4 |
|a 301.435
|
| 999 |
f |
f |
|i 91275dd7-fd12-5d13-bc92-d3450cf355ce
|s b993d4b0-cb7b-5272-bdb5-95e94fc08931
|
| 952 |
f |
f |
|p Can circulate
|a CAVAL
|b CAVAL
|c CAVAL
|d CARM 1 Store
|e B06487
|f A2:AO32A0
|h Other scheme
|i book
|m 0300126
|